| 000 | 00682nam a22002417a 4500 | ||
|---|---|---|---|
| 003 | UA-OsUOA | ||
| 001 | 25203 | ||
| 007 | ta | ||
| 008 | 20040322b un ||||| |||| 00| 0 ukr d | ||
| 090 |
_a321(075.8) _bП50 |
||
| 942 | _cBK | ||
| 040 |
_aUA-OsUOA _bukr _cUA-OsUOA _dUA-OsUOA |
||
| 245 |
_aПолітологія у запитаннях і відповідях _bНавч. посібник _cІ.Г.Оніщенко Д.Т.Дзюбко І.І.Дуднікова |
||
| 300 | _a263 с. | ||
| 955 | _a0 | ||
| 041 | _aukr | ||
| 080 | _a321(075.8) | ||
| 020 | _a966-642-163-1 | ||
| 260 |
_aКиїв _bВища школа _c2003 |
||
| 044 | _aUA | ||
| 650 | 7 | _2UDC | |
| 999 |
_c311495 _d311495 |
||